Memories of a Victorian / (Record no. 84856)

MARC details
000 -LEADER
campo de control de longitud fija 00431nam a2200157 i 4500
001 - NÚMERO DE CONTROL
campo de control 84856
003 - IDENTIFICADOR DE NÚMERO DE CONTROL
campo de control ES-MaACL
005 - FECHA Y HORA DE LA ÚLTIMA TRANSACCIÓN
campo de control 20230906175126.0
007 - CAMPO FIJO DE DESCRIPCIÓN FÍSICA--INFORMACIÓN GENERAL
campo de control de longitud fija t|
008 - DATOS DE LONGITUD FIJA--INFORMACIÓN GENERAL
campo de control de longitud fija 041124s1933 xxk ||||1| eng d
100 1# - ENTRADA PRINCIPAL--NOMBRE DE PERSONA
Nombre de persona Jepson, Edgar.
9 (RLIN) 66322
245 10 - MENCIÓN DEL TÍTULO
Título Memories of a Victorian /
Mención de responsabilidad, etc. by Edgar Jepson.
260 ## - PUBLICACIÓN, DISTRIBUCIÓN, ETC.
Lugar de publicación, distribución, etc. London :
Nombre del editor, distribuidor, etc. Victor Gollancz,
Fecha de publicación, distribución, etc. 1933 (
Fabricante The Carmelot Press)
300 ## - DESCRIPCIÓN FÍSICA
Extensión 288 p. ;
Dimensiones 20 cm.
852 ## - LOCALIZACIÓN
Ubicación ES-MaACL
Número de control de estantería C-7009
Holdings
Estatus retirado Estado de pérdida Estado de daño No para préstamo Biblioteca de origen Biblioteca actual Ubicación en estantería Fecha de adquisición Fuente de adquisición Total de préstamos Signatura topográfica completa Código de barras Visto por última vez Precio de reemplazo Tipo de ítem Koha
        Biblioteca del Ateneo de Madrid Biblioteca del Ateneo de Madrid Sala Palomar 17/01/2008     C-7009 1088679 23/02/2023 23/02/2023 Libro impreso